000 00596nam a2200217Ia 4500
003 OSt
005 20220928141721.0
006 a|||||r|||| 00| 0
007 ta
008 220927b |||||||| |||| 00| 0 eng d
024 _a17071
037 _cTextual
040 _aSDCL
_cSDCL
_beng
041 _2eng
_aeng
082 _aV1:51'N14, L3
100 _aCrutchley C E Ed.
_9501769
245 0 _aMachine-gunner 1914-1918
_bPersonal experiences of the Machine Gun Crops
260 _c1973
942 _hV1:51'N14, L3
_cTEXL
_2CC
999 _c819396
_d819396